| 000 | 00903nam a2200301 i 4500 | ||
|---|---|---|---|
| 001 | bg | ||
| 100 | 1 | _aMASTENBROEK, Willem | |
| 245 | 1 | 0 |
_aNegocjowanie / _cWillem Mastenbroek ; przekł. [z ang.] Ewa i Tomasz Szapiro ; Fundacja Edukacyjna Przedsiębiorczości. |
| 246 |
_iTyt. oryg.: _aNegotiate |
||
| 250 |
_a[Wyd. 1 _adodr. 3]. |
||
| 260 |
_aWarszawa : _bWydawnictwo Naukowe PWN, _c1998. |
||
| 300 |
_a185, [2] s. ; _c21 cm. |
||
| 490 | 1 | _aPrzedsiębiorczość | |
| 500 | _aOryg. : "Negotiate". 1994. | ||
| 504 | _aBibliogr. s. 185-[186]. | ||
| 650 | 9 | _aNegocjacje | |
| 655 | _aPoradniki | ||
| 700 | 1 |
_aSZAPIRO, Ewa. _eTł. |
|
| 700 | 1 |
_aSZAPIRO, Tomasz. _eTł. |
|
| 830 | _aPrzedsiębiorczość | ||
| 020 | _a8301119853 | ||
| 040 | _cBPK | ||
| 041 | 1 |
_apol _heng |
|
| 080 | _a005.574:159.9 | ||
| 920 | _a83-01-11985-3 | ||
| 942 | _cKS | ||
| 008 | s pl f |000 0 pol | ||
| 999 |
_c53357 _d53357 |
||
| 856 |
_uhttp://koha.tu.koszalin.pl/cgi-bin/koha/opac-detail.pl?biblionumber=53357 _yKatalog online BPK |
||